| 000 | 01005nam a22002657a 4500 | ||
|---|---|---|---|
| 999 |
_c20552 _d20552 |
||
| 003 | AR-CdUCM | ||
| 008 | 190531b ||||| |||| 00| 0 spa d | ||
| 040 |
_aMUNICIPALIDAD PROVINCIAL DEL CUSCO _cBIBLIOTECA MUNICIPAL DEL CUSCO |
||
| 082 |
_a621.38195 / _bAL34 |
||
| 100 |
_aAlabau Muñoz, Antonio _942964 |
||
| 245 | _aMicroprocesadores y microcomputadores / | ||
| 260 |
_aBarcelona : _bMarcombo, _c1980. |
||
| 300 |
_a254 páginas ; _bGráficos, _c34 cm. |
||
| 440 |
_aMundo electronico _942965 |
||
| 505 | _aContenido :El microprocesador visto desde Hardware -- Introducción a la estructura de los microprocesadores -- Tecnología en la fabricación de microprocesadores... | ||
| 650 |
_aAplicaciones en los microprocesadores _942966 |
||
| 650 |
_aEstructura _941 |
||
| 650 |
_aMercado _942 |
||
| 650 |
_aEstudio _94228 |
||
| 700 |
_aAlabau Muñoz, Antonio _942964 |
||
| 700 |
_aAngles Corts, Francisco _942967 |
||
| 700 |
_aMompín Poblet, José _942968 |
||
| 942 |
_2ddc _cLIBROS |
||
| 945 | _arcc | ||